000
00340nam a2200157Ia 4500
005
20250425160842.0
008
250425s9999 xx 000 0 und d
041
_a
spa
082
_a
378.8663
245
0
_a
BOLETIN INFORMATIVO
250
_a
S.E.
260
_a
S.L.
260
_a
Sin Pais
_b
ESPOL
_c
1971
942
_c
01
010
_a
6852
999
_c
197510
_d
197510